| Поле | Инд. | ПП | Название | Значение |
|---|---|---|---|---|
| Тип записи | a | |||
| Библиографический уровень | a | |||
| 001 | Контрольный номер | RU/IS/BASE/135777562 | ||
| 005 | Дата корректировки | 20200522190442.2 | ||
| 084 | a | Индекс другой классификации/Индекс ББК | 81.47-067 | |
| 090 | 00 | a | Полочн. индекс | 81я43 |
| x | Авторский знак | П 781 | ||
| 100 | 10 | a | Автор | Бородина М. А. |
| 245 | 00 | a | Заглавие | О территориальных вариантах национального языка |
| 650 | a | Основная рубрика | филологические науки; языкознание | |
| 653 | 00 | a | Ключевые слова | вариант литературного языка |
| a | Ключевые слова | вариант национального языка | ||
| a | Ключевые слова | верхнеэнгадинский вариант ретороманского языка | ||
| a | Ключевые слова | лингвистическая география | ||
| a | Ключевые слова | общее | ||
| a | Ключевые слова | региональный литературный язык | ||
| a | Ключевые слова | ретороманский язык | ||
| a | Ключевые слова | сурсельвский вариант ретороманского языка | ||
| a | Ключевые слова | швейцарский ретороманский язык | ||
| 773 | 00 | d | Дата издания источника | М., 1967 |
| g | Прочая информация | С.134-138 | ||
| t | Заглавие источника | Проблемы языкознания | ||
| w | Контрольный № источника | RU/IS/BASE/102085341 | ||
| 901 | t | Тип документа | a |